Dimensionamiento de sistemas para evacuación de aguas negras y aguas pluviales en edificios
Enregistré dans:
| Auteur principal: | |
|---|---|
| Format: | Inconnue |
| Publié: |
[San José, Costa Rica]
1970
|
| Sujets: | |
| Tags: |
Ajouter un tag
Pas de tags, Soyez le premier à ajouter un tag!
|
MARC
| LEADER | 00000 a2200000 4500 | ||
|---|---|---|---|
| 003 | 011344 | ||
| 005 | 20221231143816.0 | ||
| 008 | 140114s1970 c a m 000 ||s d | ||
| 040 | |c cru CEDI | ||
| 090 | |a TFG 414 | ||
| 100 | |a Videche Lagarde, Alfonso |9 17906 | ||
| 245 | |a Dimensionamiento de sistemas para evacuación de aguas negras y aguas pluviales en edificios | ||
| 260 | |c 1970 |a [San José, Costa Rica] | ||
| 300 | |a 43 hojas cuadros diagramas ; 28 cm | ||
| 500 | |a Tesis (Ingeniero Civil) Universidad de Costa Rica | ||
| 501 | |a Ed. mimeografiada | ||
| 650 | |x AGUAS RESIDUALES |x INGENIERÍA SANITARIA |9 17907 | ||
| 942 | |c TFG | ||
| 999 | |c 12299 |d 12299 | ||
